| 000 | 00340nam a22001457a 4500 | ||
|---|---|---|---|
| 003 | SGT | ||
| 020 | _a9788187223603 | ||
| 082 | _bBHA | ||
| 100 | _aBHATIA, KN | ||
| 245 | _aCYTOGENETICS MOLECULAR BIOLOGY & EVALUATION | ||
| 260 |
_aNEW DELHI _bTRUEMAN'S BOOKS PUBLISHING _c1997 |
||
| 300 | _a467 | ||
| 650 | _aAGRICULTURE | ||
| 942 |
_2ddc _cBK |
||
| 999 |
_c13761 _d13761 |
||